Materials, form, and architecture / (Record no. 11731)
[ view plain ]
| 000 -LEADER | |
|---|---|
| fixed length control field | 01240cam a22003377a 4500 |
| 001 - CONTROL NUMBER | |
| control field | 13106766 |
| 003 - CONTROL NUMBER IDENTIFIER | |
| control field | OSt |
| 005 - DATE AND TIME OF LATEST TRANSACTION | |
| control field | 20221031120338.0 |
| 008 - FIXED-LENGTH DATA ELEMENTS--GENERAL INFORMATION | |
| fixed length control field | 030227s2008 enkaa f b 001 0 eng d |
| 020 ## - INTERNATIONAL STANDARD BOOK NUMBER | |
| International Standard Book Number | 0300095791 |
| 020 ## - INTERNATIONAL STANDARD BOOK NUMBER | |
| International Standard Book Number | 9781856695558 |
| 035 ## - SYSTEM CONTROL NUMBER | |
| System control number | (DLC)13106766 |
| 040 ## - CATALOGING SOURCE | |
| Original cataloging agency | NHP |
| Language of cataloging | eng |
| Description conventions | rda |
| Transcribing agency | NHP |
| Modifying agency | CtY |
| -- | DLC |
| -- | EG-ScBUE |
| 082 04 - DEWEY DECIMAL CLASSIFICATION NUMBER | |
| Classification number | 721.044 |
| Edition number | 22 |
| Item number | WES |
| 100 1# - MAIN ENTRY--PERSONAL NAME | |
| Personal name | Weston, Richard, |
| Dates associated with a name | 1953- |
| Relator term | author. |
| 9 (RLIN) | 5771 |
| 245 10 - TITLE STATEMENT | |
| Title | Materials, form, and architecture / |
| Statement of responsibility, etc | Richard Weston. |
| 264 #1 - PUBLICATION, DISTRIBUTION, ETC. (IMPRINT) | |
| Place of publication, distribution, etc | London : |
| Name of publisher, distributor, etc | Laurence King Publishing, |
| Date of publication, distribution, etc | 2008. |
| 300 ## - PHYSICAL DESCRIPTION | |
| Extent | 1 volume (various pagings) : |
| Other physical details | illustrations (chiefly color) ; |
| Dimensions | 26 cm |
| 336 ## - CONTENT TYPE | |
| Source | rdacontent |
| Content type term | text |
| Content type code | txt |
| 337 ## - MEDIA TYPE | |
| Source | rdamedia |
| Media type term | unmediated |
| Media type code | n |
| 338 ## - CARRIER TYPE | |
| Source | rdacarrier |
| Carrier type term | volume |
| Carrier type code | nc |
| 504 ## - BIBLIOGRAPHY, ETC. NOTE | |
| Bibliography, etc | Includes bibliographical references and index.<br/> |
| 650 #7 - SUBJECT ADDED ENTRY--TOPICAL TERM | |
| Topical term or geographic name as entry element | Building materials. |
| Source of heading or term | BUEsh |
| 9 (RLIN) | 5772 |
| 650 #7 - SUBJECT ADDED ENTRY--TOPICAL TERM | |
| Topical term or geographic name as entry element | Architecture. |
| Source of heading or term | BUEsh |
| 9 (RLIN) | 5773 |
| 650 #7 - SUBJECT ADDED ENTRY--TOPICAL TERM | |
| Topical term or geographic name as entry element | Form (Aesthetics) |
| Source of heading or term | BUEsh |
| 9 (RLIN) | 5774 |
| 653 ## - INDEX TERM--UNCONTROLLED | |
| Resource For college | Engineering, Architecture |
| 655 ## - INDEX TERM--GENRE/FORM | |
| Form subdivision | Reading book |
| 942 ## - ADDED ENTRY ELEMENTS (KOHA) | |
| Source of classification or shelving scheme | Dewey Decimal Classification |
| Koha item type | Book - Borrowing |
| Withdrawn status | Lost status | Source of classification or shelving scheme | Damaged status | Not for loan | Collection code | Home library | Current library | Shelving location | Date acquired | Source of acquisition | Cost, normal purchase price | Serial Enumeration / chronology | Total Checkouts | Total Renewals | Full call number | Barcode | Date last seen | Date checked out | Price effective from | Koha item type |
|---|---|---|---|---|---|---|---|---|---|---|---|---|---|---|---|---|---|---|---|---|
| Dewey Decimal Classification | Alahram | Central Library | Central Library | Second Floor | 03/06/2009 | 213.00 | 283 | 4 | 14 | 721.044 WES | 000016481 | 15/07/2025 | 16/12/2018 | 03/06/2009 | Book - Borrowing |